| Tag |
First Indicator |
Second Indicator |
Subfields |
| LEADER |
00000cam a2200000Ka 4500 |
| 001 |
in00002781345 |
| 005 |
20150922133809.0 |
| 008 |
120204s2012 nyu e 000 1 eng d |
| 020 |
|
|
|a 9780756407438
|
| 020 |
|
|
|a 0756407435
|
| 035 |
|
|
|a (OCoLC)ocn775417834
|
| 040 |
|
|
|a BTCTA
|c BTCTA
|d BDX
|d IEB
|d SAP
|d TXA
|d UtOrBLW
|
| 049 |
|
|
|a TXAM
|
| 082 |
0 |
|
|a 813.54
|2 23
|
| 090 |
|
|
|a PS3558.U324
|b S55 2012
|
| 100 |
1 |
|
|a Huff, Tanya.
|
| 245 |
1 |
4 |
|a The silvered /
|c Tanya Huff.
|
| 264 |
|
1 |
|a New York :
|b Daw Books,
|c [2012]
|
| 264 |
|
4 |
|c ©2012
|
| 300 |
|
|
|a 454 pages ;
|c 24 cm.
|
| 336 |
|
|
|a text
|b txt
|2 rdacontent
|
| 337 |
|
|
|a unmediated
|b n
|2 rdamedia
|
| 338 |
|
|
|a volume
|b nc
|2 rdacarrier
|
| 490 |
1 |
|
|a DAW book collectors ;
|v no. 1604
|
| 520 |
|
|
|a The Empire has declared war on the small, were-ruled kingdom of Aydori, capturing five women of the Mage-pack, including the wife of the were pack-leader. With the pack off defending the border, it falls to Mirian Maylin and Tomas Hagen, she a low-level mage, he younger brother to the pack-leader, to save them.
|
| 650 |
|
0 |
|a Werewolves
|v Fiction.
|
| 650 |
|
0 |
|a Shapeshifting
|v Fiction.
|
| 650 |
|
0 |
|a Wizards
|v Fiction.
|
| 650 |
|
0 |
|a Emperors
|v Fiction.
|
| 650 |
|
0 |
|a Fantasy fiction.
|
| 830 |
|
0 |
|a DAW book collectors ;
|v no. 1604.
|
| 948 |
|
|
|a cataloged
|b h
|c 2012/11/6
|d c
|e dmitchel
|f 1:44:28 pm
|
| 994 |
|
|
|a C0
|b TXA
|
| 999 |
|
|
|a MARS
|
| 999 |
f |
f |
|s b9359c03-c16e-3460-b861-b79709ee33df
|i 5583091d-2525-3112-9e9d-1bb2e8d5f148
|t 0
|
| 952 |
f |
f |
|p ric
|a Texas A&M University
|b Rellis Campus
|c Joint Library Facility
|d Remote Storage
|t 0
|e PS3558.U324 S55 2012
|h Library of Congress classification
|i unmediated -- volume
|m A14838748362
|
| 998 |
f |
f |
|a PS3558.U324 S55 2012
|t 0
|l Remote Storage
|